La scienza della legislazione. (Record no. 154094)
[ view plain ]
| 000 -LEADER | |
|---|---|
| campo de control de longitud fija | 00939nam a22002415i 4500 |
| 001 - NÚMERO DE CONTROL | |
| campo de control | 154094 |
| 003 - IDENTIFICADOR DE NÚMERO DE CONTROL | |
| campo de control | ES-MaACL |
| 005 - FECHA Y HORA DE LA ÚLTIMA TRANSACCIÓN | |
| campo de control | 20250714063113.0 |
| 008 - DATOS DE LONGITUD FIJA--INFORMACIÓN GENERAL | |
| campo de control de longitud fija | 050809s1788 it | |||||||| ||ita d |
| 040 ## - FUENTE DE CATALOGACIÓN | |
| Centro catalogador/agencia de origen | CAM |
| Lengua de catalogación | spa |
| Centro/agencia transcriptor | CAM |
| 100 1# - ENTRADA PRINCIPAL--NOMBRE DE PERSONA | |
| Nombre de persona | Filangieri, Gaetano, |
| Fechas asociadas al nombre | 1752-1788 |
| Término indicativo de función/relación | Autor |
| 9 (RLIN) | 50821 |
| 245 13 - MENCIÓN DEL TÍTULO | |
| Título | La scienza della legislazione. |
| Resto del título | Tomo V / |
| Mención de responsabilidad, etc. | del cavalier Gaetano Filangieri. |
| 250 ## - MENCION DE EDICION | |
| Mención de edición | Prima edizione siciliana. |
| 260 ## - PUBLICACIÓN, DISTRIBUCIÓN, ETC. | |
| Lugar de publicación, distribución, etc. | [Catania] : |
| Nombre del editor, distribuidor, etc. | Nelle Stampe della'Acc. Etnea, presso Francesco Patoe [sic], |
| Fecha de publicación, distribución, etc. | 1788. |
| 300 ## - DESCRIPCIÓN FÍSICA | |
| Extensión | [2], 346 páginas, [2] en blanco ; |
| Dimensiones | 8º. |
| 594 ## - Nota al título y mención de responsabilidad | |
| Nota al título y mención de responsabilidad | Mención de responsabilidad y de edición preceden a mención de parte |
| 596 ## - NOTA AL PIE DE IMPRENTA | |
| NOTA AL PIE DE IMPRENTA | Marca tip. de Giovanni Riscica de Catania en port. |
| 597 ## - NOTA DE DESCRIPCIÓN FÍSICA | |
| NOTA DE DESCRIPCIÓN FÍSICA | Sign.: []1, A-X8, Y6. |
| 650 #4 - PUNTO DE ACCESO ADICIONAL DE MATERIA--TÉRMINO DE MATERIA | |
| Término de materia o nombre geográfico como elemento de entrada | Legislación. |
| 9 (RLIN) | 136347 |
| 852 ## - LOCALIZACIÓN | |
| Ubicación | ES-MaACL |
| Ubicación en estantería | Depósito |
| Signatura antigua | Olim: G-13474-79 |
| Número de control de estantería | R-1456-61 |
| Encuadernación | Holandesa |
| 942 ## - ELEMENTOS DE ENTRADA SECUNDARIOS (KOHA) | |
| Fuente del sistema de clasificación o colocación | Clasificación decimal universal |
| Tipo de ítem Koha | Libro impreso antiguo |
| Suprimir en OPAC | No |
| Estatus retirado | Estado de pérdida | Fuente del sistema de clasificación o colocación | Estado de daño | No para préstamo | Colección | Biblioteca de origen | Biblioteca actual | Ubicación en estantería | Fecha de adquisición | Total de préstamos | Signatura topográfica completa | Código de barras | Visto por última vez | Tipo de ítem Koha |
|---|---|---|---|---|---|---|---|---|---|---|---|---|---|---|
| Clasificación decimal universal | Libros del s. XVIII | Biblioteca del Ateneo de Madrid | Biblioteca del Ateneo de Madrid | Depósito | 17/01/2008 | R-1456-61 | 1161126 | 23/02/2023 | Libro impreso antiguo |
